|
|
|
|
| LEADER |
00692nam a22001937a 4500 |
| 020 |
|
|
|a 978-81-8265-785-4
|
| 082 |
|
|
|b 894.M5
|a RAS/I Q3
|
| 100 |
|
|
|a പി കെ എ റഷീദ്
|9 279575
|
| 100 |
|
|
|a P K A Rasheed
|9 279576
|
| 240 |
|
|
|a Interview
|
| 245 |
|
|
|a ഇന്റര്വ്യു
|
| 250 |
|
|
|a 1st
|
| 260 |
|
|
|a Kozhikode;
|b Mathryubhoomi;
|c 2013
|
| 300 |
|
|
|a 174p.
|
| 650 |
|
|
|a മലയാളം; അഭിമുഖം
|9 279577
|
| 650 |
|
|
|a Malayalam;Interview
|9 279578
|
| 942 |
|
|
|c BK
|
| 999 |
|
|
|c 55432
|d 55432
|
| 952 |
|
|
|0 0
|1 0
|4 0
|6 894_000000000000000_M5_RAS_I_Q3
|7 0
|8 Interview
|9 66152
|a MAL
|b MAL
|d 2016-06-23
|e 57099
|g 125.00
|l 0
|o 894.M5 RAS/I Q3
|p MAL057099
|r 2016-06-23
|t 1
|w 2016-06-23
|y BK
|